00810 a2200157 45000010006000000050017000060080041000230030015000640400040000790800035001192450027001542640080001813000026002615050327002871000038006142402120260407155526.0260407a1963 arg spa dAR-UNSa-BCEJYS aAR-UNSa-BCEJYSbspacAR-UNSa-BCEJYS a657.47xContabilidad de Costos10aContabilidad de costos 1aMéxico :bUnión Tipográfica Editorial Hispano-Americana (UTEHA)c1963 axviii, 777 p.c23 cm. a1. Introducción a la contabilidad de costos - 2. Costos históricos.El sistema de costos por ordenes de producción.Organización administrativo-contable y de control de cada uno de los tres elementos del costo de producción y de la producción del proceso.Informes de costos - 3. Sistemas de costos por procesos. 1 aOrtega Pérez de León, Armando